LEADER 01060nam a2200193 i 4500 001 000000054792 003 CaOOAMICUS 005 19970603000000.0 008 970603n xx u000 u eng u 013 $a25964 040 $aSeMil$bita 100 1 $aFord, John T.,$c.$0(OLS)http://semarc/name/23716 245 10$aSt. Irenaeus and Revelation :$ba Theological Perspective. Notre Dame : [s.n.], 1962. ((Excerpta ex dissertatione ad Lauream in Facultate Theologica Pontificiae Universitatis Gregorianae. 600 04$aIreneo : di Lione .$0(OLS)http://semarc/subject/6422 650 4$aRivelazione - Teologia.$0(OLS)http://semarc/subject/1246 650 4$aTesi di laurea.$0(OLS)http://semarc/subject/1690 850 $aSeMil 852 $aSeMil$W1$xVenegono$y1$m2I II 150$j20946$B20946$CSeMilBibl$Z2$F20948 $81 996 $6245$aSt. Irenaeus and Revelation :$ba Theological Perspective. Notre Dame : [s.n.], 1962. ((Excerpta ex dissertatione ad Lauream in Facultate Theologica Pontificiae Universitatis Gregorianae.$9(OLS)http://semarc/title/84900 LEADER 01047nam a2200253 i 4500 001 000000076609 003 CaOOAMICUS 005 20221020113330.0 008 000216s2001 sz u000 u ger u 013 $a47781 020 $a3-545-23133-X 020 $a3-7887-1810-2 040 $aSeMil$bita 245 10$aLk 15,1-19,27. 300 $aVIII, 304 p. 650 4$aBibbia. Nuovo Testamento. Vangelo secondo Luca - Commentari, studi, critica, interpretazioni.$0(OLS)http://semarc/subject/142 773 0 $aBovon, François <1938-2013>$tEvangelium nach Lukas.$dDüsseldorf ; Zürich : Benziger, 1989.$kEKK = Evangelisch-Katholischer Kommentar zum Neuen Testament$g3$w()6475 850 $aSeMil 852 $aSeMil$W1$xVenegono$y1$m2YA A 3/3$j256900$B42761$CSeMilBibl$Z2$F43498 $81 961 $aSottoscrizione: Neukirchener 996 $6020$a3-545-23133-X$9(OLS)http://semarc/number/57625 996 $6020$a3-7887-1810-2$9(OLS)http://semarc/number/57626 996 $6245$aLk 15,1-19,27$9(OLS)http://semarc/title/124220